[Event "HCL-E1517"]
[Site "www.playchess.de"]
[Date "2006.01.04"]
[Round "7"]
[White "ALUISIO"]
[Black "jabbaman"]
[WhiteElo "1648"]
[BlackElo "1463"]
[PlyCount "69"]
[Result "1-0"]

1.c4 {Good game from Rio de Janeiro,Brazil!}  d6 
{Good game from Los Angeles California!}  2.Nc3 e5 
3.g3 f5 4.Bg2 Nc6 5.d3 Nf6 6.e3 Be6 7.Nge2 Be7 
8.O-O Qd7 9.Nd5 O-O-O 10.Nec3 a6 11.Nxe7+ Nxe7 
12.b3 c6 13.a4 g5 14.f4 exf4 15.exf4 g4 16.b4 h5 
17.b5 h4 18.bxa6 h3 {Merry Christmas!}  19.Bh1 
{Merry Christmas!}  d5 {Merry Christmas to you and 
may GOD  bless you and yours.}  20.cxd5 {Merry 
Christmas!}  Nexd5 {Merry Christmas to all of us 
..}  21.Nxd5 Nxd5 {a tight rope!}  22.axb7+ Qxb7 
23.Bd2 Qa7+ 24.Rf2 Ne7 25.Qe1 Bd5 26.Be3 Qa6 
27.Bc5 Ng6 28.d4 Rde8 29.Qd2 Bxh1 30.Kxh1 Re4 
31.Rb1 Rhe8 32.Qb4 R4e2 33.Qb8+ Kd7 {I realized 
what was happening - but it was bad for some time 
...}  34.Qd6+ Kc8 {well done!!}  35.Rb8+ {Happy 
new year!}  1-0

[Event "HCL-A2522"]
[Site "www.playchess.de"]
[Date "2006.01.04"]
[Round "10"]
[White "cocohubert"]
[Black "freno"]
[WhiteElo "1356"]
[BlackElo "1577"]
[PlyCount "48"]
[Result "1/2-1/2"]

1.d4 d5 2.c4 c6 3.g3 Nf6 4.Bg2 dxc4 5.e3 Bf5 6.Nc3 
e6 7.Nf3 Be7 8.O-O O-O 9.Nd2 Nbd7 10.Nxc4 Nb6 
11.Nd2 Re8 12.b3 Bg6 13.Nce4 Nxe4 14.Nxe4 Nd5 
15.Bb2 a5 16.Nc3 Nxc3 17.Bxc3 h6 18.Qd2 Qb6 
19.Rfc1 a4 20.b4 Red8 21.a3 Bf6 22.Kh1 Rd7 23.f3 
Rad8 24.Qe2 Qa7 {(offering draw)} 
 1/2-1/2

[Event "HCL-C4035"]
[Site "www.playchess.de"]
[Date "2006.01.04"]
[Round "8"]
[White "O_Man"]
[Black "IRONMAIDEN"]
[WhiteElo "1156"]
[BlackElo "1469"]
[PlyCount "74"]
[Result "0-1"]

1.e4 e5 2.Nf3 Nc6 3.Bc4 f6 4.d4 exd4 5.Nxd4 Bc5 
6.Be3 Nxd4 7.Bxd4 Bxd4 8.Qxd4 d6 9.O-O Qe7 10.Nc3 
Qe5 11.Qxe5+ fxe5 12.Nd5 Kd8 13.f4 Nf6 14.Rae1 
Nxd5 15.Bxd5 c6 16.Bc4 Bd7 17.fxe5 dxe5 18.h3 Kc7 
19.Red1 Rhf8 20.Rf3 Rxf3 21.gxf3 Bxh3 22.Kh2 Bd7 
23.Kg3 Rf8 24.Rd3 g5 25.Rd2 a5 26.b3 h5 27.Rf2 b5 
28.Be2 b4 29.f4 exf4+ 30.Kg2 g4 31.e5 h4 32.Kg1 g3 
33.Rf1 c5 34.Bf3 h3 35.Rd1 Bc6 36.Bxc6 Kxc6 
37.Rd6+ Kc7 0-1

[Event "HCL-B3799"]
[Site "www.playchess.de"]
[Date "2006.01.04"]
[Round "20"]
[White "Bense"]
[Black "dynamike"]
[WhiteElo "1012"]
[BlackElo "1479"]
[PlyCount "118"]
[Result "0-1"]

1.e4 c5 2.d3 d6 3.h3 Nc6 4.Nf3 Qc7 5.Bf4 e6 6.Nc3 
a6 7.g3 b5 8.Bg2 Be7 9.Qe2 Bd7 10.e5 d5 11.a3 Rc8 
12.h4 Qa5 13.Bd2 Qb6 14.g4 b4 15.a4 bxc3 16.Bxc3 
c4 17.d4 Bb4 18.Qe3 Bxc3+ 19.Qxc3 Nge7 20.h5 Qb4 
21.Qxb4 Nxb4 22.Kd2 h6 23.Rhe1 a5 24.c3 Nd3 25.Re2 
Nf4 26.Ne1 Rb8 27.Ra2 O-O 28.Re3 Rb3 29.Rf3 Nxg2 
30.Nxg2 Nc6 31.Ke2 Rfb8 32.Ne1 R3xb2+ 33.Rxb2 
Rxb2+ 34.Kf1 Ra2 35.Re3 Rxa4 36.Nf3 Ra1+ 37.Kg2 a4 
38.Re1 Ra2 39.Kf1 a3 40.Re2 Ra1+ 41.Ne1 Na5 42.Kg2 
Ba4 43.Kf3 Bd1 44.Nc2 Bxe2+ 45.Kxe2 Ra2 46.Kd1 Rb2 
47.Nxa3 Rxf2 48.Nb1 Rg2 49.Na3 Rxg4 50.Ke2 Rh4 
51.Nb5 Rxh5 52.Nd6 Rh3 53.Nb5 Rg3 54.Kd2 h5 55.Ke2 
h4 56.Kf2 Rg6 57.Na3 h3 58.Nc2 h2 59.Ne3 
h1Q 0-1

[Event "HCL-E1464"]
[Site "www.playchess.de"]
[Date "2006.01.04"]
[Round "7"]
[White "Wernswig"]
[Black "Glomp"]
[WhiteElo "1335"]
[BlackElo "1642"]
[PlyCount "107"]
[Result "1/2-1/2"]

1.e4 {hallo, viel spaß}  c5 {Danke - und alles 
Gute in der E-Klasse!}  2.Nf3 e6 3.d4 cxd4 4.Nxd4 
Nf6 5.Bd3 Nc6 6.Nf3 d6 7.Nc3 Be7 8.O-O a6 9.Be3 
O-O 10.Ne1 b5 11.f4 Bb7 12.Qf3 Qc7 13.Qh3 g6 14.f5 
Qd7 15.Bh6 Rfd8 16.Nf3 Bf8 17.Ng5 exf5 18.exf5 Ne5 
19.fxg6 Qxh3 20.Nxh3 Bxh6 21.Rxf6 hxg6 22.Be4 Bxe4 
23.Nxe4 d5 24.Neg5 Kg7 25.Raf1 Rd7 26.Rb6 Nc4 
27.Rc6 Nxb2 28.Rff6 Nc4 29.Kh1 Re7 30.Nf3 a5 
31.Nf2 Rae8 32.g4 Bc1 33.Nd3 Be3 34.h4 R7e6 
35.Rfxe6 Rxe6 36.Rxe6 fxe6 37.Nfe5 Bd4 38.Nc6 Bf2 
39.Nxf2 b4 {Ups - so hatte ich mir das Endspiel 
aber nicht vorgestellt...}  40.Nd3 {du willst es 
nur etwas spannend machen}  Kf6 {Klar - Endspiel 
trainieren!}  41.Kg2 Ne3+ 42.Kf3 Nxc2 43.Nxa5 e5 
44.Ke2 e4 45.Nf4 d4 46.Nd5+ Ke5 47.Ne7 d3+ 48.Kd2 
Kf4 49.h5 gxh5 50.gxh5 Kg5 51.Nd5 Kxh5 52.Nc6 Na3 
53.Ncxb4 Kg4 54.Nxd3 {(offering draw)} 
 1/2-1/2

[Event "HCL-E1472"]
[Site "www.playchess.de"]
[Date "2006.01.04"]
[Round "14"]
[White "Deep_Trouble"]
[Black "Duke01"]
[WhiteElo "1576"]
[BlackElo "1746"]
[PlyCount "104"]
[Result "0-1"]

1.d4 {Greetings from the USA.  Have a good game.}  
Nf6 2.Nf3 g6 3.g3 Bg7 4.c4 c6 5.Bg2 O-O 6.O-O d5 
7.cxd5 cxd5 8.b3 Nc6 9.Bb2 Bf5 10.Nbd2 Rc8 11.Nh4 
Qd7 12.Nxf5 Qxf5 13.Nf3 Ne4 14.e3 Rc7 15.Rc1 Rfc8 
16.Nh4 Qe6 17.Nf3 h6 18.Nd2 f5 19.f3 Ng5 20.Re1 
Nb4 21.Rxc7 Rxc7 22.Nf1 Qc6 23.h4 Nf7 24.a3 Qc2 
25.Qxc2 Rxc2 26.Ba1 Nd3 27.Rb1 Nd6 28.Rd1 Nc1 
29.Nd2 Nb5 30.a4 Nc7 31.b4 Na6 32.b5 Nb4 33.Bh3 
Nbd3 34.Bf1 e5 35.dxe5 Nxe5 36.Bxe5 Bxe5 37.f4 Bc3 
38.Nb1 Bb4 39.Rxd5 Rb2 40.Rd8+ Kf7 41.Rd7+ Ke6 
42.Rxb7 Rxb1 43.Rxa7 Ne2+ 44.Kf2 Nxg3 45.Kxg3 Rxf1 
46.Ra6+ Kf7 47.Ra7+ Ke6 48.Ra6+ Kd5 49.Kg2 Ra1 
50.Rxg6 Rxa4 51.Rxh6 Bd2 52.Rh5 
Ke4 0-1

[Event "HCL-E1526"]
[Site "www.playchess.de"]
[Date "2006.01.04"]
[Round "16"]
[White "Matu"]
[Black "BohdanL"]
[WhiteElo "1554"]
[BlackElo "1466"]
[PlyCount "56"]
[Result "0-1"]

1.e4 g6 {hi}  2.c3 Bg7 3.d4 {hi}  d6 4.f4 c5 
5.dxc5 Nf6 6.cxd6 Nxe4 7.Qa4+ Nc6 8.Qxe4 Qxd6 
9.Nf3 Bf5 10.Qe3 Rd8 11.Bb5 Qd1+ 12.Kf2 Qxh1 
13.Nbd2 Bg4 14.Nc4 Bxf3 15.Qxf3 O-O 16.Bxc6 Rd1 
17.Bxb7 Rxc1 18.Rxc1 Qxc1 19.Qe2 Qxf4+ 20.Bf3 Qxh2 
21.Qxe7 Qf4 22.Ne3 Bf6 23.Qxa7 Rd8 24.Nd5 Bh4+ 
25.Ke2 Rxd5 26.Bxd5 Qe5+ 27.Qe3 Qxd5 28.Kf1 
Qd1+ 0-1

[Event "HCL-M854"]
[Site "www.playchess.de"]
[Date "2006.01.04"]
[Round "15"]
[White "fookooflakman"]
[Black "Lan"]
[WhiteElo "2102"]
[BlackElo "2038"]
[PlyCount "50"]
[Result "1/2-1/2"]

1.e4 e5 {hi from Slovenia:)}  2.Nf3 Nc6 3.Bb5 {hi 
from France !}  a6 4.Ba4 Nf6 5.O-O Be7 6.Re1 b5 
7.Bb3 O-O 8.c3 d5 9.exd5 Nxd5 10.Nxe5 Nxe5 11.Rxe5 
c6 12.d3 Bd6 13.Re1 Bf5 14.Bxd5 cxd5 15.Be3 Qh4 
16.g3 Qh3 17.Qf3 Bxd3 {(offering draw)}  18.Nd2 
Qf5 19.Qxf5 Bxf5 {http://www.mojnet-si.net/html/novoletno_voscilo.html} 
 20.Bd4 Rfe8 21.f3 h6 22.Kf2 b4 23.Nb3 Bd3 
24.Rxe8+ Rxe8 25.Re1 Rxe1 {(offering draw)} 
 1/2-1/2

[Event "HCL-B3775"]
[Site "www.playchess.de"]
[Date "2006.01.04"]
[Round "13"]
[White "pytolo98"]
[Black "Rochade_III"]
[WhiteElo "1285"]
[BlackElo "646"]
[PlyCount "73"]
[Result "1-0"]

1.e4 e5 2.Qh5 Nc6 3.Bb5 Nf6 4.Qf3 Nd4 5.Qd3 c6 
6.Bc4 d5 7.exd5 cxd5 8.Bb5+ Bd7 9.Bxd7+ Qxd7 10.f4 
Bd6 11.c3 Nb5 12.fxe5 Bxe5 13.Nf3 Ng4 14.O-O O-O 
15.h3 d4 16.a4 Nd6 17.cxd4 Bf4 18.b3 Nf6 19.Nc3 
Rfe8 20.Nh4 Bg5 21.Qg3 Bxh4 22.Qxh4 Nde4 23.Nxe4 
Nxe4 24.d3 Nc3 25.Bd2 Ne2+ 26.Kh1 Nxd4 27.Bc3 Nxb3 
28.Rab1 Qxd3 29.Bb4 a5 30.Rbd1 Qe2 31.Rfe1 Qa6 
32.Rxe8+ Rxe8 33.Bc3 Qc6 34.Qg3 g6 35.Bb2 Qxa4 
36.Qc3 Qb5 37.Qg7+ 1-0

[Event "HCL-A2528"]
[Site "www.playchess.de"]
[Date "2006.01.04"]
[Round "9"]
[White "pegasus"]
[Black "schnitzly"]
[WhiteElo "1147"]
[BlackElo "1285"]
[PlyCount "56"]
[Result "0-1"]

1.e4 {hi good luck}  e5 {thanks-much fun!}  2.a3 
Nf6 3.d4 exd4 4.Qxd4 d6 5.Bg5 Nc6 6.Qd3 Be7 7.Nc3 
O-O 8.Qg3 Re8 9.Bd3 Nd4 10.Nf3 Nxf3+ 11.gxf3 Nh5 
12.Qh4 Bxg5 13.Qxh5 g6 14.Qxg5 Qxg5 15.h4 Qg2 
16.O-O-O Qxf3 17.Be2 Qxf2 18.Nd5 Rxe4 19.Nc3 Rxe2 
20.Nxe2 Qxe2 21.h5 Bg4 22.hxg6 Qxd1+ 23.Rxd1 Bxd1 
24.gxf7+ Kxf7 25.Kxd1 Re8 26.b4 h5 27.c4 h4 28.b5 
h3 0-1

[Event "HCL-B3797"]
[Site "www.playchess.de"]
[Date "2006.01.04"]
[Round "9"]
[White "Felipe_Lungov"]
[Black "pytolo98"]
[WhiteElo "1261"]
[BlackElo "1229"]
[PlyCount "57"]
[Result "1-0"]

1.d4 e6 2.c4 Bb4+ 3.Bd2 Be7 4.e4 h6 5.Bd3 Nc6 6.d5 
exd5 7.cxd5 Ne5 8.Qc2 d6 9.Ne2 Bg4 10.Nbc3 Bxe2 
11.Nxe2 Nf6 12.O-O Qd7 13.f3 g5 14.Rac1 Nxd3 
15.Qxd3 g4 16.Bc3 gxf3 17.Rxf3 Rg8 18.Bxf6 Bxf6 
19.Rxf6 h5 20.Nd4 Qg4 21.g3 h4 22.Rxc7 hxg3 
23.hxg3 Rg7 24.Nf5 Rh7 25.Nxd6+ Kd8 26.Rxb7 Qh3 
27.Nxf7+ Kc8 28.Nd6+ Kd8 29.Rf8+ 1-0

[Event "HCL-A2404"]
[Site "www.playchess.de"]
[Date "2006.01.04"]
[Round "5"]
[White "MAGICIAN"]
[Black "dayandeste"]
[WhiteElo "1650"]
[BlackElo "1736"]
[PlyCount "74"]
[Result "0-1"]

1.d4 Nf6 2.c4 {hope's a good game, good luck.}  e6 
{for you too}  3.Nc3 d5 4.cxd5 exd5 5.Bg5 c6 6.e3 
Be7 7.Bd3 h6 8.Bh4 O-O 9.Qc2 Na6 10.a3 Nc7 11.Nge2 
Nh5 12.Bxe7 Qxe7 13.Rc1 Bg4 14.O-O Bxe2 15.Qxe2 
Nf6 16.Na4 Ne6 17.Nc5 Nxc5 18.Rxc5 Ne4 19.Bxe4 
Qxe4 20.b4 Rfe8 21.Rd1 a6 22.a4 f5 23.Qd3 f4 
24.Qxe4 Rxe4 25.exf4 Rxf4 26.f3 Re8 27.b5 axb5 
28.axb5 Rf6 29.bxc6 bxc6 30.Rc2 Rfe6 31.Rdc1 R6e1+ 
32.Rxe1 Rxe1+ 33.Kf2 Re6 34.h4 Kf7 35.Ra2 Kf6 
36.h5 Kg5 37.Ra7 Kxh5 0-1

[Event "HCL-B3741"]
[Site "www.playchess.de"]
[Date "2006.01.04"]
[Round "1"]
[White "munther"]
[Black "neg001gro"]
[WhiteElo "1500"]
[BlackElo "1500"]
[PlyCount "78"]
[Result "0-1"]

1.c4 e5 2.Nc3 Nf6 3.g3 Bc5 4.Bg2 O-O 5.Nf3 Nc6 
6.O-O d6 7.b3 Bf5 8.d3 Re8 9.Bb2 Qd7 10.e4 Bg4 
11.Nd5 Nxd5 12.cxd5 Nd4 13.Rc1 a5 14.Bxd4 exd4 
15.Qc2 c6 16.dxc6 bxc6 17.Nd2 Ba3 18.Rcb1 d5 19.f3 
Bh5 20.Rbe1 Bb4 21.Re2 dxe4 22.Rxe4 f5 23.Rxe8+ 
Rxe8 24.Nc4 f4 25.Qd1 Bf7 26.Nd2 Re3 27.Ne4 Bd5 
28.g4 Qb7 29.Qc2 Qb5 30.Rd1 Bxe4 31.fxe4 f3 32.Bf1 
h5 33.Qc4+ Qxc4 34.bxc4 hxg4 35.Kf2 Bd6 36.Kg1 g3 
37.hxg3 Bxg3 38.Rb1 Re1 39.Rxe1 
f2+ 0-1

[Event "HCL-C3903"]
[Site "www.playchess.de"]
[Date "2006.01.04"]
[Round "7"]
[White "winnetou"]
[Black "Idris"]
[WhiteElo "891"]
[BlackElo "865"]
[PlyCount "68"]
[Result "0-1"]

1.e4 {Hi! Have a nice game... again!}  e5 {We 
always have a good game. Good luck too.}  2.Nf3 d6 
3.Bc4 Be7 4.d4 Nf6 5.d5 Bd7 6.Bg5 Nxe4 7.O-O Bxg5 
8.Re1 Bf5 9.h4 Bxh4 10.g3 Bf6 11.Nc3 Nxc3 12.bxc3 
O-O 13.Nh2 Bg5 14.g4 Bg6 15.f3 Bf4 16.Qe2 Qg5 
17.Nf1 f5 18.Rab1 Qh4 19.Rxb7 Nd7 20.Rxc7 Nf6 
21.Rb1 Bf7 22.Ba6 Bxd5 23.c4 fxg4 24.cxd5 gxf3 
25.Qxf3 Ng4 26.Qg2 Rf5 27.Rc8+ Rf8 28.Rc3 Rf5 
29.Rh3 Qf6 30.Be2 h5 31.Rbb3 Rf8 32.Ng3 Bxg3 
33.Qxg3 Rf1+ 34.Bxf1 Qxf1+ 0-1

[Event "HCL-C4060"]
[Site "www.playchess.de"]
[Date "2006.01.04"]
[Round "4"]
[White "ama49"]
[Black "tusnelda"]
[WhiteElo "1190"]
[BlackElo "1187"]
[PlyCount "54"]
[Result "0-1"]

1.e4 {Hello again}  e5 {Hello, merry chrismas}  
2.Nf3 {U2!!}  Nc6 3.d4 exd4 4.Nxd4 Bc5 5.Be3 Bb6 
6.Nc3 Bxd4 7.Bxd4 Nf6 8.Bxf6 Qxf6 9.Qe2 O-O 
10.O-O-O d6 11.f3 a6 12.a3 Be6 13.Nd5 Bxd5 14.Rxd5 
Ne7 15.Rd2 c5 16.Qc4 b5 17.Qd3 Rfd8 18.g3 d5 
19.exd5 Rxd5 20.Qe3 Nf5 21.Qf2 Nd4 22.Bg2 Rb8 
23.f4 Rd6 24.c3 Nb3+ 25.Kc2 Nxd2 26.Rd1 Qf5+ 
27.Kc1 Nb3+ 0-1

[Event "HCL-B3793"]
[Site "www.playchess.de"]
[Date "2006.01.04"]
[Round "14"]
[White "dynamike"]
[Black "evets"]
[WhiteElo "1479"]
[BlackElo "1445"]
[PlyCount "37"]
[Result "1-0"]

1.e4 c5 2.Nf3 Nc6 3.d4 cxd4 4.Nxd4 Nxd4 5.Qxd4 
Qa5+ 6.Bd2 Qc7 7.Nc3 e5 8.Qa4 a6 9.Nd5 Qc6 10.Qxc6 
dxc6 11.Nc7+ Kd8 12.Nxa8 Bc5 13.O-O-O Bd7 14.Bc4 
Ne7 15.f3 f6 16.Ba5+ Kc8 17.Bb6 Bd6 18.Rxd6 c5 
19.Rhd1 1-0

[Event "HCL-B3715"]
[Site "www.playchess.de"]
[Date "2006.01.04"]
[Round "10"]
[White "je_suis_tahmid"]
[Black "DominiQ"]
[WhiteElo "1500"]
[BlackElo "1200"]
[PlyCount "55"]
[Result "1-0"]

1.e4 {hey}  Nf6 2.e5 Nd5 3.d4 d6 4.c4 Nb4 5.Qa4+ 
c6 6.Qxb4 a5 7.Qb3 Na6 8.Nc3 c5 9.exd6 Qxd6 
10.Qb5+ Qc6 11.dxc5 Nc7 12.Qxc6+ bxc6 13.Nf3 e6 
14.Be3 Rb8 15.b3 f5 16.Ne5 Na6 17.Nxc6 Rb7 18.Na4 
Rc7 19.Nxa5 e5 20.Rd1 f4 21.Bc1 Bf5 22.c6 Bb1 
23.Rd5 Re7 24.a3 Ba2 25.Nc3 g5 26.Nxa2 e4 27.Bb2 
Rg8 28.Nb7 1-0

[Event "HCL-C3979"]
[Site "www.playchess.de"]
[Date "2006.01.04"]
[Round "7"]
[White "tusnelda"]
[Black "Huanchaco"]
[WhiteElo "1112"]
[BlackElo "800"]
[PlyCount "80"]
[Result "0-1"]

1.e4 e5 2.d4 exd4 3.Qxd4 Nc6 4.Qd1 Nf6 5.Nc3 Bb4 
6.Bd2 d6 7.Bb5 Bd7 8.a3 Ba5 9.Nf3 a6 10.Bd3 Ne5 
11.Nxe5 dxe5 12.Qf3 Bg4 13.Qg3 Qd6 14.f3 Bh5 
15.O-O-O g6 16.Nd5 Bxd2+ 17.Rxd2 Nxd5 18.exd5 O-O 
19.Be4 a5 20.Qf2 f5 21.Bd3 f4 22.Bc4 g5 23.h4 g4 
24.fxg4 Bxg4 25.h5 h6 26.g3 f3 27.Rh4 Bd7 28.Rd3 
b5 29.Ba2 e4 30.Rd4 Bf5 31.Bb1 c5 32.Rd1 b4 33.a4 
c4 34.g4 Bd7 35.Rd4 c3 36.Rxe4 cxb2+ 37.Kxb2 Qf6+ 
38.Kc1 Bxa4 39.Ba2 Qa1+ 40.Bb1 
Rac8 0-1

[Event "HCL-A2527"]
[Site "www.playchess.de"]
[Date "2006.01.04"]
[Round "12"]
[White "asskicker"]
[Black "mrchess"]
[WhiteElo "1643"]
[BlackElo "1432"]
[PlyCount "51"]
[Result "1-0"]

1.c4 {hello again.}  e5 {good game}  2.Nc3 {good 
luck.}  Nf6 3.g3 c6 4.Bg2 d5 5.cxd5 cxd5 6.Qb3 e4 
7.d3 Qa5 8.Bd2 Qb4 9.Nxd5 Qxb3 10.Nxf6+ gxf6 
11.axb3 exd3 12.exd3 Nd7 13.Nf3 Bg7 14.Bb4 Bf8 
15.Bxf8 Rxf8 16.O-O Nc5 17.Rfe1+ Kd8 18.b4 Nxd3 
19.Red1 Bf5 20.Nh4 Bg6 21.Nxg6 fxg6 22.Rxd3+ Kc7 
23.Rc1+ Kb6 24.Rd7 Rac8 25.Rxb7+ Ka6 
26.Ra1+ 1-0

[Event "HCL-A2549"]
[Site "www.playchess.de"]
[Date "2006.01.04"]
[Round "9"]
[White "Sobral"]
[Black "errantknight"]
[WhiteElo "1700"]
[BlackElo "1221"]
[PlyCount "63"]
[Result "1-0"]

1.d4 e6 2.e4 Bb4+ 3.Bd2 Bxd2+ 4.Nxd2 d5 5.Ngf3 Nc6 
6.Be2 Qe7 7.c3 Bd7 8.O-O dxe4 9.Nxe4 Nf6 10.Nc5 
Rb8 11.Re1 O-O 12.Bc4 {Hi. I've two questions for 
you (if I may...):
1. Why have you drawn so quickly (8 moves)against 
robinhood?
2. Are you at work now?

Regards.}  Qd8 {hi nope i don,t work retired. he 
offered the draw and looking at the game i thought 
 he  had the advantage s o i took the draw}  
13.Ne5 {If you allow me to ask, how old are you? 
Where do you live in England? I live in São Paulo, 
Brazil and I am 52.
Regards.}  Nxe5 {hi  i am 63 yrs old i live in 
warrington about 30miles from liverpool}  14.dxe5 
{I visited England on April with my two sons. We 
spent ten days (enjoyed all of them) in your 
country, most the time in London. However we also 
visited Manchester and Liverpool. We were in the 
field watching Liverpool 2x1 Everton.
Regards.}  Nd5 {hi you speak very good english. 
liverpool are mty favourite team beat everton last 
night  liverpool 3 . everton 1}  15.Bxd5 {Tks for 
the english language comment. I don't know exactly 
why, but as a kid I became a fan of Everton. My 
sons prefer Liverpool. Not only them, but most of 
the people  prefer Liverpool.
However I have a complaint to file against 
Liverpool...}  Bc6 {what,s the complaint, everton 
are struggling 4th from the bottom of the league}  
16.Bxc6 {I am a fan of Corinthians and one of our 
rivals here is São Paulo. Unfortunately, Liverpool 
did not manage to win over Sao Paulo in Tokyo, 
some days ago and now they claim to be the best in 
the world. I'd rather prefer Liverpool to have 
won! HappyNewYear!}  Qxd1 {happy new year.  i saw 
the game on tv liverpool were unlucky better team 
3 goals disallowed and should have had a penalty 
they should have won}  17.Raxd1 {I agree with 
you.Liverpool deserved to win. Happy New Year, 
again!!
Regards.}  Rbd8 {happy new year, good  move}  
18.Nxb7 {Happy New Year!}  Rxd1 19.Rxd1 f6 20.Rd8 
fxe5 21.Rxf8+ Kxf8 22.Be4 {pretty fast....}  g6 
23.Nd8 Ke7 24.Nc6+ Kd6 25.Nxa7 Kc5 26.a4 Kc4 
27.Bc2 Kc5 28.a5 Kd6 29.a6 c5 30.Nc8+ Kc7 31.a7 
Kb7 32.Be4+ 1-0

[Event "HCL-B3740"]
[Site "www.playchess.de"]
[Date "2006.01.04"]
[Round "7"]
[White "DavidFields"]
[Black "ama49"]
[WhiteElo "1271"]
[BlackElo "1204"]
[PlyCount "56"]
[Result "0-1"]

1.d4 {Hello again.}  d5 {Hi - good luck}  2.c4 Nf6 
3.cxd5 Nxd5 4.e4 Nb6 5.f4 e6 6.Nf3 Nc6 7.a3 g6 
8.Nc3 Bg7 9.Bb5 Bd7 10.d5 exd5 11.exd5 Ne7 12.O-O 
O-O 13.a4 a6 14.Bd3 Nbxd5 15.Nxd5 Nxd5 16.Be4 Bc6 
17.f5 gxf5 18.Bxf5 Qf6 19.Ng5 Qd4+ 20.Kh1 Qxd1 
21.Rxd1 Rad8 22.Bxh7+ Kh8 23.Bc2 Nb4 24.Nxf7+ Rxf7 
25.Rxd8+ Rf8 26.Rxf8+ Bxf8 27.Bf5 Bg7 28.Ra3 
Nd5 0-1

[Event "HCL-B3793"]
[Site "www.playchess.de"]
[Date "2006.01.04"]
[Round "13"]
[White "evets"]
[Black "dynamike"]
[WhiteElo "1445"]
[BlackElo "1479"]
[PlyCount "40"]
[Result "0-1"]

1.d4 Nf6 2.Nf3 d5 3.c3 g6 4.Nbd2 Bg7 5.e3 O-O 
6.Bd3 Bg4 7.Qb3 b6 8.O-O Nbd7 9.Re1 c5 10.dxc5 
Nxc5 11.Qc2 Nxd3 12.Qxd3 Bf5 13.Qb5 a6 14.Qb3 Rc8 
15.Nd4 Bd3 16.N2f3 Bc4 17.Qc2 a5 18.Ne5 Qc7 
19.Nec6 Ng4 20.f3 Qxh2+ 0-1

[Event "HCL-M816"]
[Site "www.playchess.de"]
[Date "2006.01.04"]
[Round "11"]
[White "papuan"]
[Black "ipakris"]
[WhiteElo "2326"]
[BlackElo "2212"]
[PlyCount "166"]
[Result "0-1"]

1.d4 {Hello & good luck!}  Nf6 {Hello again, good 
luck you too ! Difficult players in this group...} 
 2.c4 e6 3.g3 d5 4.Bg2 dxc4 5.Nf3 a6 6.O-O Nc6 
7.e3 Bd7 8.Qe2 b5 9.Rd1 Be7 10.b3 cxb3 11.axb3 O-O 
12.e4 Nb4 13.Nc3 Bc6 14.Ne5 Bb7 15.Ba3 Rb8 16.d5 
exd5 17.exd5 Re8 18.Nc6 Bxc6 19.dxc6 Qc8 20.Ne4 
Qf5 21.Bxb4 Bxb4 22.Nxf6+ Qxf6 23.Qf3 Qxf3 24.Bxf3 
Rba8 25.Rd7 Ra7 26.Rad1 g6 27.Bd5 Rf8 28.Rd3 a5 
29.Rf3 a4 30.bxa4 bxa4 31.Bxf7+ Kh8 32.Kg2 Bd6 
33.Ba2 Rxf3 34.Kxf3 Ra6 35.Bd5 Ra8 36.Ke4 a3 
37.Ba2 Re8+ 38.Kd3 g5 39.h3 h5 40.Rf7 Re5 41.f4 
gxf4 42.gxf4 Re1 43.Rf5 Kg7 44.Rxh5 Bxf4 45.Rf5 
Rd1+ 46.Kc2 Rc1+ 47.Kd3 Bd6 48.Bd5 Rc5 49.Kd4 Ra5 
50.Rf1 Kg6 51.Ra1 Bf8 52.Ra2 Bg7+ 53.Kc4 Bb2 
54.Be6 Kf6 55.Bd7 Ke7 56.Kb4 Re5 57.Kb3 Re4 
58.Rxa3 Bxa3 59.Kxa3 Kd6 60.Kb3 Kc5 61.Kc3 Re3+ 
62.Kd2 Kd4 63.Kc2 Rf3 64.Kb2 Rc3 65.Ka2 Kc4 66.Kb2 
Kb4 67.Kb1 Ka3 68.h4 Rc5 69.h5 Rxh5 70.Kc2 Kb4 
71.Kd3 Rg5 72.Kd4 Rg6 73.Kd3 Rd6+ 74.Kc2 Kc4 
75.Be8 Rh6 76.Kd2 Rh2+ 77.Ke3 Kc3 78.Bf7 Rh3+ 
79.Ke4 Rh6 80.Bd5 Rd6 81.Ke5 Kb4 82.Kd4 Kb5 83.Ke5 
Rxc6 0-1

[Event "HCL-B3799"]
[Site "www.playchess.de"]
[Date "2006.01.04"]
[Round "9"]
[White "dynamike"]
[Black "gronico"]
[WhiteElo "1479"]
[BlackElo "1121"]
[PlyCount "59"]
[Result "1-0"]

1.e4 g6 2.d4 Bg7 3.Nf3 d6 4.Be2 Nf6 5.Nc3 Bg4 6.h3 
Bxf3 7.Bxf3 O-O 8.Be3 e6 9.e5 dxe5 10.dxe5 Qxd1+ 
11.Rxd1 Nc6 12.exf6 Bxf6 13.Bxc6 bxc6 14.Bd4 Bxd4 
15.Rxd4 Rab8 16.b3 Rb6 17.Na4 Ra6 18.O-O Rb8 19.g4 
Rb5 20.c4 Re5 21.Rd7 Re2 22.Rfd1 Rxa2 23.Rxc7 Ra3 
24.Rdd7 Rxb3 25.Nc5 Ra1+ 26.Kg2 Rc3 27.Rdxf7 Rxc4 
28.Rfg7+ Kf8 29.Nxe6+ Ke8 30.Rc8+ 1-0

[Event "HCL-B3808"]
[Site "www.playchess.de"]
[Date "2006.01.04"]
[Round "11"]
[White "dynamike"]
[Black "nichju"]
[WhiteElo "1479"]
[BlackElo "973"]
[PlyCount "47"]
[Result "1-0"]

1.e4 e5 2.Nf3 Nc6 3.Bc4 Nf6 4.Nc3 Bb4 5.d3 Nd4 
6.Nxe5 O-O 7.O-O d6 8.Nd5 dxe5 9.c3 c6 10.Nxb4 Bg4 
11.f3 Bh5 12.cxd4 Qxd4+ 13.Kh1 g5 14.Bxg5 Kg7 
15.Nc2 Qxb2 16.Rb1 Qc3 17.Bd2 Qxc4 18.dxc4 Kh8 
19.Qe1 Rfg8 20.Qh4 Rxg2 21.Kxg2 Rg8+ 22.Kf2 Bg4 
23.Qxf6+ Rg7 24.fxg4 1-0

[Event "HCL-E1486"]
[Site "www.playchess.de"]
[Date "2006.01.04"]
[Round "16"]
[White "hal1958"]
[Black "SSOF"]
[WhiteElo "1485"]
[BlackElo "1893"]
[PlyCount "68"]
[Result "0-1"]

1.b4 a5 2.b5 d5 3.Bb2 c6 4.e3 e6 5.Nf3 Bd7 6.a4 
Nf6 7.Be2 Be7 8.O-O Qb6 9.Bd4 c5 10.Bb2 O-O 11.h3 
Qc7 12.Be5 Qd8 13.d3 b6 14.c4 Bc8 15.Nbd2 Nbd7 
16.Bb2 Qc7 17.cxd5 Nxd5 18.d4 Bb7 19.e4 Nf4 20.Bc4 
cxd4 21.Bxd4 Bf6 22.Bxf6 Nxf6 23.Qc2 Rac8 24.Rac1 
Ne2+ 25.Bxe2 Qxc2 26.Rxc2 Rxc2 27.Bd3 Rxd2 28.Nxd2 
Rd8 29.Rc1 Rxd3 30.Rc7 Rxd2 31.Rxb7 Nd7 32.Kf1 Kf8 
33.Ke1 Rd4 34.f3 Ke7 0-1

[Event "HCL-B3765"]
[Site "www.playchess.de"]
[Date "2006.01.04"]
[Round "9"]
[White "newplayer"]
[Black "Korto"]
[WhiteElo "1108"]
[BlackElo "1266"]
[PlyCount "51"]
[Result "1-0"]

1.e4 e5 2.d4 exd4 3.Qxd4 Nc6 4.Qd1 Nf6 5.Bg5 Be7 
6.Bd3 Nxe4 7.Bxe7 Qxe7 8.Bxe4 Qxe4+ 9.Ne2 Qxg2 
10.Ng3 Qh3 11.Qe2+ Qe6 12.Qxe6+ dxe6 13.Nc3 O-O 
14.Nb5 Nb4 15.Kd2 c6 16.Nd6 Rd8 17.Kc3 Nxc2 
18.Rad1 Na1 19.Rd3 b5 20.Rxa1 Ba6 21.Rd2 Rab8 
22.Nge4 b4+ 23.Kb3 f5 24.Nc5 Bc8 25.Rad1 Rb5 
26.Nxb5 1-0

[Event "HCL-B3759"]
[Site "www.playchess.de"]
[Date "2006.01.04"]
[Round "23"]
[White "GCP"]
[Black "Aggie"]
[WhiteElo "1459"]
[BlackElo "1308"]
[PlyCount "83"]
[Result "1-0"]

1.e4 {hello from Rome, have a good game}  e5 2.Nf3 
Nc6 3.d4 exd4 4.Bc4 Qe7 5.O-O b6 6.Re1 Bb7 7.Nxd4 
Nxd4 8.Qxd4 O-O-O 9.Nc3 Nf6 10.e5 h6 11.Bd2 Ne8 
12.Nd5 Bxd5 13.Bxd5 c6 14.Bf3 Nc7 15.a4 Ne6 16.Qc4 
Kb8 17.b4 Ng5 18.Bd1 f6 19.exf6 Qxf6 20.Rb1 Kb7 
21.b5 Bc5 22.bxc6+ dxc6 23.Be3 Bxe3 24.Rxe3 Rhf8 
25.Bf3 Nxf3+ 26.Rxf3 Qd6 27.Rd3 Qc7 28.Rxd8 Rxd8 
29.a5 b5 30.Qc3 a6 31.Qe1 Rd4 32.g3 Qd8 33.Ra1 Rc4 
34.c3 Qf6 35.Qe3 c5 36.Rc1 Qc6 37.Re1 Qc7 38.Qe8 
Qc8 39.Qf7+ Kc6 40.Re6+ Qxe6 41.Qxe6+ Kb7 
42.Qb6+ 1-0

[Event "HCL-B3785"]
[Site "www.playchess.de"]
[Date "2006.01.04"]
[Round "12"]
[White "mrchess"]
[Black "Snillie"]
[WhiteElo "1440"]
[BlackElo "1467"]
[PlyCount "56"]
[Result "0-1"]

1.d4 {prettige partij}  Nf6 2.c4 e5 3.d5 Bc5 4.e4 
Nxe4 5.Be3 Bxe3 6.fxe3 Qh4+ 7.g3 Qf6 8.Qf3 Qxf3 
9.Nxf3 d6 10.Bd3 Nf6 11.Nbd2 Bg4 12.e4 Nbd7 13.O-O 
O-O 14.b4 a5 15.Rfb1 axb4 16.Rxb4 Ra3 17.Be2 Nc5 
18.Kg2 Rfa8 19.Rb2 Nfxe4 20.Nxe4 Nxe4 21.Rxb7 g6 
22.Rxc7 R3xa2 23.Rxa2 Rxa2 24.Kf1 Bh3+ 25.Ke1 Ra1+ 
26.Bd1 Bg4 27.Rc8+ Kg7 28.Nd2 Rxd1+ 0-1